| 000 | 00925nam a2200193 4500 | ||
|---|---|---|---|
| 999 |
_c8199 _d8199 |
||
| 001 | 21695 | ||
| 003 | BD-DhUAP | ||
| 005 | 20220726202502.0 | ||
| 008 | 220726b20022018Bg ||||| |||| 00| 0 bg d | ||
| 040 |
_aBD-DhUAP _bBEN _cBD-DhUAP _dBD-DhUAP _eBD-DhUAP |
||
| 082 |
_223 _a342.06 MIA |
||
| 100 | _aমিয়া, ছিদ্দিকুর রহমান । | ||
| 245 |
_aআরজি জবাব,আপীল,রীট,রিভিশন,দরখাস্তের নিয়ম-কানুন ও মুসাবিদা/ _cছিদ্দিকুর রহমান মিয়া। |
||
| 250 | _aসবশেষ সংস্করণ | ||
| 260 |
_aঢাকা : _bনিউ ওয়াসী বুক কর্পোরেশন, _c২০১৮ । |
||
| 300 |
_a৪০০ পৃ. ; _c২২ সে.মি. |
||
| 650 |
_aপ্রশাসনিক আইন। _zবাংলাদেশ। |
||
| 942 |
_2ddc _cBK |
||